000 00432nam a2200169Ia 4500
008 131103s9999 xx 000 0 und d
040 _aLoreto College
041 _aEnglish
082 _aF/SCO
_bLCLIB/12691
100 _aScott,Bradford
245 _aTrails of Steel
_cBradford Scott
260 _aNew York
_bPyramid Books
_c1965
300 _a126 p.
_c 18 cm.
650 _aFiction in English
850 _aLCLIB
942 _cBK
999 _c15059
_d65538